Παραδοσιακά μικροαστικά στρώματα : η περίπτωση της Ελλάδας

Αποθηκεύτηκε σε:
Λεπτομέρειες βιβλιογραφικής εγγραφής
Κύριος συγγραφέας: Μοσχονάς, Ανδρέας
Μορφή: Βιβλίο
Γλώσσα:Greek
Δημοσίευση: Αθήνα : Ιδρυμα μεσογειακών μελετών, 1986
Θέματα:
Ετικέτες: Προσθήκη ετικέτας
Δεν υπάρχουν, Καταχωρήστε ετικέτα πρώτοι!

MARC

LEADER 00000nam a2200000 i 4500
001 1/43333
008 960221s1986 gre d
035 |l 10025758 
040 |a GR-MY-UA  |b gre  |e aacr 
041 0 |a gre 
082 0 |a 305.5509495 
100 1 |a Μοσχονάς, Ανδρέας. 
245 1 0 |a Παραδοσιακά μικροαστικά στρώματα :  |b η περίπτωση της Ελλάδας /  |c Ανδρέα Μοσχονά 
260 |a Αθήνα :   |b Ιδρυμα μεσογειακών μελετών,   |c 1986 
300 |a 404 σ. 
500 |a Traditional petty bourgeoisie : the case of Greece -summary- 
650 0 0 |a Middle class. 
852 |a INST  |b CHIOS  |e 19960221  |h 305.5509495 ΜΟΣ  |p 005200006302  |q 005200006302  |t BK  |y 0 
909 |a Χ  |b 003568